Obscure Geography 2 - Statistics

General Stats
  • This quiz has been taken 116 times
  • The average score is 12 of 22
Answer Stats
Hint Answer % Correct
China
94%
Vietnam
92%
Malaysia
90%
Philippines
89%
What lake in central Africa has a country named after it and was once very large, but is now drying up. Lake Chad
86%
Taiwan
86%
What Greek island was once home to one of the seven wonders of the ancient world? Rhodes
83%
What countries in southeast Asia claim parts of the Spratly Islands? Brunei
81%
What country owns the island of Bioko in the Gulf of Guinea Equatorial Guinea
79%
What Caribbean island is split between the Netherlands and France? Saint Martin (French)/Sint Maarten (Dutch)
73%
What Finnish island is an autonomous zone with a majority Swedish population? Åland
67%
What island in Alaska is home to particularly large grizzly bears? Kodiak Island
49%
What pacific island is the farthest that Polynesians explored? Rapa Nui
44%
What islands do the United States and Russia sometimes have a border on? Diomede Islands
41%
What mountain ranges are part of the Alleghanian orogeny? Appalachian Mountains
34%
What country is the Wollemi pine native to? Australia
32%
What Siberian island did wooly mammoths live on for 6,000 years after mainland populations went extinct? Wrangel Island
32%
Atlas Mountains
13%
Biscay
11%
What provinces of Spain have Basque speakers? Álava
9%
Guipúzcoa
8%
What island is Dicksonia thyrsopteroides native to? New Caledonia
4%
No matching quizzes found
Score Distribution
Percent of People with Each Score
Percentile by Number Answered
Your Score History
You have not taken this quiz